|
|
|
|
| LEADER |
01359nam a2200361 a 4500 |
| 001 |
000633484 |
| 003 |
CZ BrMZK |
| 005 |
20090810091727.0 |
| 007 |
ta |
| 008 |
021029s2002 xr e f cze d |
| 015 |
|
|
|a cnb001203454
|
| 035 |
|
|
|a (OCoLC)53260084
|
| 040 |
|
|
|a BOA001
|b cze
|
| 041 |
1 |
|
|a cze
|h eng
|
| 072 |
|
7 |
|a 27-5
|x Liturgie. Křesťanské umění a symbolika. Duchovní život
|2 Konspekt
|9 5
|
| 080 |
|
|
|a 27-534.3
|2 MRF
|
| 080 |
|
|
|a 27-534.35-543.4-543.6
|2 MRF
|
| 080 |
|
|
|a 27-4
|2 MRF
|
| 080 |
|
|
|a (035)
|2 MRF
|
| 100 |
1 |
|
|a Sherrer, Quin,
|d 1933-
|7 mzk2002156772
|4 aut
|
| 245 |
1 |
0 |
|a Jak se modlit za své blízké /
|c Quin Sherrerová a Ruthanne Garlocková ; [překlad: Miroslava Čejková]
|
| 260 |
|
|
|a Praha :
|b Samuel, Biblická práce pro děti,
|c 2002
|
| 300 |
|
|
|a 159 s. :
|b portréty ;
|c 21 cm
|
| 650 |
0 |
7 |
|a křesťanská modlitba
|7 ph122103
|2 czenas
|
| 650 |
0 |
7 |
|a prosebné modlitby
|7 ph124929
|2 czenas
|
| 650 |
0 |
7 |
|a křesťanský život
|7 ph122132
|2 czenas
|
| 655 |
|
7 |
|a příručky
|7 fd133209
|2 czenas
|
| 700 |
1 |
|
|a Garlock, Ruthanne,
|d 1937-
|7 mzk2002156773
|4 aut
|
| 700 |
1 |
|
|a Čejková, Miroslava
|7 ola2003186244
|4 trl
|
| 765 |
0 |
|
|t How to pray for your family and friends
|9 Česky
|
| 910 |
|
|
|a BOA001
|b 2-1108.310
|
| 990 |
|
|
|a BK
|
| 996 |
6 |
|
|b 2610173238
|c 2-1108.310
|l MZK
|r Sklad / do 1 hodiny
|n 0
|p p.v.
|w 000633484
|u 000010
|a 1
|e BOA001
|j MZK50
|s P
|